Standard code rules handbook : praman sanhita va niyam 1984 (Record no. 89849)

MARC details
000 -LEADER
fixed length control field 00548nam a2200205Ia 4500
008 - FIXED-LENGTH DATA ELEMENTS--GENERAL INFORMATION
fixed length control field 230125s9999 xx 000 0 und d
041 ## - LANGUAGE CODE
Language code of text/sound track or separate title eng
082 ## - DEWEY DECIMAL CLASSIFICATION NUMBER
Classification number 376
Item number MAN
100 ## - MAIN ENTRY--PERSONAL NAME
Personal name Mankar S
9 (RLIN) 112856
245 ## - TITLE STATEMENT
Title Standard code rules handbook : praman sanhita va niyam 1984
250 ## - EDITION STATEMENT
Edition statement 3rd ed
260 ## - PUBLICATION, DISTRIBUTION, ETC. (IMPRINT)
Date of publication, distribution, etc. 2000
Name of publisher, distributor, etc. Atul publication
Place of publication, distribution, etc. kolhapur
300 ## - PHYSICAL DESCRIPTION
Extent 320p
500 ## - GENERAL NOTE
Keywords Information management;standard code rules
500 ## - GENERAL NOTE
Keywords Staffing rules
650 ## - SUBJECT ADDED ENTRY--TOPICAL TERM
Topical term or geographic name as entry element General
700 ## - ADDED ENTRY--PERSONAL NAME
Personal name Mankar S
9 (RLIN) 112856
906 ## - LOCAL DATA ELEMENT F, LDF (RLIN)
b 30
Holdings
Withdrawn status Lost status Damaged status Not for loan Home library Current library Date acquired Vendor Cost, normal purchase price Total Checkouts Full call number Barcode Date last seen Date last checked out Cost, replacement price Bill Date Koha item type Original Barcode
        Smt. Hiraben Nanavati Institute of Management & Research for Women Smt. Hiraben Nanavati Institute of Management & Research for Women 18/12/2001 Varma Book Distributor 200.00 1 376 MAN B02815 HIMR-BK-2815 08/01/2026 08/01/2024 170.00 19/12/2001 Books B02815